header

The left coast (Record no. 137767)

MARC details
000 -LEADER
fixed length control field 01475nam a2200361Ia 4500
082 04 - DEWEY DECIMAL CLASSIFICATION NUMBER
Classification number 979.4
100 1# - MAIN ENTRY--AUTHOR NAME
Personal name Fradkin, Philip L.
245 14 - TITLE STATEMENT
Title The left coast
260 ## - PUBLICATION, DISTRIBUTION, ETC. (IMPRINT)
Place of publication Berkeley :
Name of publisher University of California Press,
Year of publication 2011.
300 ## - PHYSICAL DESCRIPTION
Number of Pages x, 115 p. :
Other physical details ill.
650 #0 - SUBJECT ADDED ENTRY--TOPICAL TERM
Topical Term Coasts
Topical Term Natural history
700 1# - ADDED ENTRY--PERSONAL NAME
Personal name Fradkin, Alex
856 40 - ELECTRONIC LOCATION AND ACCESS
Uniform Resource Identifier http://site.ebrary.com/lib/rucke/Doc?id=10448567

No items available.

© 2026 Rongo University
Contact us: librarian | system librarian | Rongo university